000 01051nam a22003257a 4500
003 CHAP
005 20220329142335.0
008 000817d1997 mx r 00110 esp d
010 _a82009
011 _a82981
020 _a9688809454
035 _a93489
040 _cCHAP
082 0 4 _a339.2
_bF7Y 1996
100 0 0 _aFroyen, Richard T.
_943586
245 1 0 _aMacroeconomía :
_bteoría y política
_c/por Richard T. Froyen
250 _a5a ed.
260 _aMéxico, D.F. :
_bPrentice-Hall Hispanoamericana,
_c1997.
300 _a570 p. :
590 _aBATCH-UPD
_b10
_c20130110
_lUCH01
_h1814
590 _aBATCH-UPD
_b10
_c20130410
_lUCH01
_h1149
590 _aBATCH-UPD
_b10
_c20130914
_lUCH01
_h1642
590 _aCONVERSION
_b10
_c20130109
_lUCH01
_h1346
650 1 4 _aIngresos.
_958362
650 1 4 _aMacroeconomía.
_969550
901 _aBK
905 _aPatricia Mendoza P.
942 _cLIBRO
949 _a339.2 F7Y 1996
_bBC
_cLIBRO
_d33724000775789
_eLIBRO
_h45000
_i93489
_mSustituye a c.1 Caldentey, Pedro., ComercializaciØn de productos
_so
999 _c82009
_d82009